| 000 | 00655nam a2200121Ia 4500 | ||
|---|---|---|---|
| 008 | 220620s9999||||xx |||||||||||||| ||und|| | ||
| 100 | _aMaclean, Rupert||Jagannathan, Shanti||Sarvi, Jouko | ||
| 245 | 0 | _aSkills Development for Inclusive and Sustainable Growth in Developing Asia-Pacific | |
| 546 | _aEnglish[eng] | ||
| 650 | _aProfessional and Vocational Education | ||
| 856 | _uhttps://library.oapen.org/bitstream/20.500.12657/27967/1/10.1007_978-94-007-5937-4.pdf||https://library.oapen.org/bitstream/20.500.12657/27967/1/10.1007_978-94-007-5937-4.pdf||https://library.oapen.org/bitstream/20.500.12657/27967/1/10.1007_978-94-007-5937-4.pdf | ||
| 942 | _cEB | ||
| 999 |
_c29078 _d29078 |
||